[Event "ISR-ch"]
[Site "Tel Aviv"]
[Date "2002.11.28"]
[Round "4"]
[White "Gofshtein, Leonid D"]
[Black "Vydeslaver, Alik"]
[Result "1-0"]
[WhiteElo "2519"]
[BlackElo "2434"]
[Annotator "Gofshtein,L"]
[PlyCount "59"]
[EventDate "2002.11.24"]
[EventType "swiss"]
[EventRounds "9"]
[EventCountry "ISR"]
[SourceTitle "CBM 093"]
[Source "ChessBase"]
[SourceDate "2003.04.01"]
[SourceVersion "1"]
[SourceVersionDate "2003.04.01"]
[SourceQuality "1"]

1. c4 e5 2. Nc3 Bb4 3. Nd5 Ba5 4. b4 c6 5. bxa5 cxd5 6. cxd5 Nf6 7. Qa4 {
The line chosen by black in this opening has bad reputation, but the main idea
of black is to get fast development for the sacrificed pawn;} O-O (7... Nxd5 8.
Qe4 $16) 8. e4 d6 9. Ba3 $5 {By this strong move, white prevents Nd7, cuz d6
would hang;} (9. d3 Na6 10. Be2 Nd7 11. Nf3 f5 12. exf5 Ndc5 13. Qa3 Bxf5 14.
d4 (14. O-O Nc7 15. d4 exd4 16. Nxd4 Be4 17. Ne6 N7xe6 18. dxe6 Qf6 19. Bb2
Qxe6 $132 {1/2-1/2 Hauchard,A-Chabanon,J/Toulouse 1995/EXT 98 (45)}) 14... e4
15. Ng5 Qf6 $132 {0-1 Malaniuk,V-Vysochin,S/Krakow 1999/EXT 2002 (32)}) 9...
Ne8 (9... Na6 $6 10. Bxa6 bxa6 11. Ne2 Bd7 12. Qb4 Rb8 13. Qxd6 Qxa5 14. Nc3
Rfd8 15. Qc5 $16 {1-0 Petursson,M-Makropoulou,M/Athens 1993/TD (23)}) (9... Bd7
10. Qb4 Na6 11. Bxa6 bxa6 12. Qxd6 Re8 13. d3 Rb8 14. Bb4 Qc8 $16 {1/2-1/2
Siepelt,H-Pribyl,M/Germany 2000/CBM 74 ext (44)}) 10. Bb5 (10. d4 $5 {0-1 Bull
Jager,F-Berglund,J/Tromsoe 1996/EXT 2001 (34)}) 10... Nd7 11. Rc1 $5 $146 {
[%mdl 8] Now white is forcing black to sacrifice another pawn by Nc5 to
release his pieces; 11.Ne2 was another good move for white;} (11. Ne2 $5 a6 12.
Bd3 Qh4 (12... Nc5 13. Bxc5 dxc5 14. Qa3 Nd6 15. Qxc5) 13. O-O Ndf6 14. f4 $36
{1-0 Lobron,E-Maahs,E/Bern 1994/TD (26)}) 11... Nc5 (11... Qg5 12. Ne2 Ndf6 13.
Ng3 $16) 12. Bxc5 dxc5 13. Bxe8 Rxe8 14. Rxc5 Bd7 15. Qb3 b6 $5 {Black doesn't
make the life easy for white;} 16. Rc3 {White should give up one of his extra
pawn since it was too dangerous to open more files by axb6;} (16. axb6 axb6 17.
Rc3 (17. Rc4 b5 18. Rc2 Ra4 19. f3 Qh4+ 20. g3 Qe7 $44) 17... Ra4 18. d3 Qg5
19. g3 Rea8 $44) 16... bxa5 17. Nf3 {Also after 17.Ne2 there is nothing clear
yet as it's proved below;} (17. Ne2 Rb8 18. Qc2 Rb4 19. O-O (19. d3 Qb6 $44)
19... Ba4 20. Qd3 f5 (20... Bb5 21. Qe3 Qb6 22. d3 Rb2 23. Nc1) 21. exf5 Bb5
22. Qe3 Qxd5 $44) 17... Rb8 18. Qc2 Rb4 19. d3 Qb6 20. O-O {White is forced to
give up a-pawn to complete the development;} (20. Qd2 Rb2 21. Rc2 Rb1+ 22. Rc1
Rb2 $11) 20... Rb2 21. Qc1 Rxa2 22. Nd2 $5 {[%cal Rd2c4,Rc4e3,Rc4e5] The idea
is to place the knight to c4 to put pressure on black pawns e5 and a5;} Qb4 23.
Nc4 Bb5 $6 {Acting on impulse! 23...a4 would keep it mutual;} (23... a4 $5 24.
Rc2 Rxc2 $44) 24. Ne3 $5 {White clears c-file for its rook intending to
transfer the knight to the kingside of black;} a4 25. Rc8 {After this active
move white achieves clear advantage;} a3 (25... Qf8 26. Rxe8 Qxe8 27. Nc4 $16)
26. Nf5 $5 {[%cal Rc1g5,Rf5g7,Rf5e7,Yd5d6][%mdl 128] White's pressure is
grawing up- white has created some immediate threats over the centre and
kingside;} g6 (26... Qf8 27. Rxe8 Bxe8 28. Qc7 g6 29. Ne7+ Kg7 30. d6 Rd2 31.
d7 Bxd7 32. Qxd7 $18) 27. Rc7 $1 {Decisive supply of white's rook to the game;
All black pieces are taking part in attack;} Rf8 (27... gxf5 28. Qg5+ Kf8 29.
Qf6 $18) (27... Qd2 28. Nh6+ Kg7 29. Nxf7 $18) 28. Qg5 $18 Qb2 29. Nh6+ Kg7 30.
Ng4 1-0

[Event "Bundesliga 0405"]
[Site "Germany"]
[Date "2004.11.12"]
[Round "7.6"]
[White "Gurevich, Mikhail"]
[Black "Buchal, Stephan"]
[Result "1-0"]
[WhiteElo "2644"]
[BlackElo "2347"]
[Annotator "Gurevich,M"]
[PlyCount "95"]
[EventDate "2004.11.12"]
[EventType "team-tourn"]
[EventRounds "15"]
[EventCountry "GER"]
[SourceTitle "EXT 2005"]
[Source "ChessBase"]
[SourceDate "2004.11.15"]
[SourceVersion "1"]
[SourceVersionDate "2004.11.15"]
[SourceQuality "1"]
[WhiteTeam "Porz"]
[BlackTeam "Hofheim"]
[WhiteTeamCountry "GER"]
[BlackTeamCountry "GER"]

1. c4 g6 2. Nc3 Bg7 3. g3 e5 4. Bg2 d6 5. d3 f5 6. e3 Nf6 7. Nge2 O-O 8. O-O c6
9. f4 Be6 (9... a5 10. Rb1 Na6 11. b3 Re8 12. Qd2 exf4 13. gxf4 Ng4 14. Nd1 d5
15. cxd5 Nb4 16. h3 Nf6 17. dxc6 bxc6 18. Nb2 $14 {1-0 Dimitrov,V-Martos
Exposito,M/Pontevedra 2002/EXT 2003 (76)}) 10. b3 Nbd7 (10... Na6 11. Ba3 Re8
12. Qd2 Bf7 13. Rad1 exf4 14. gxf4 d5 15. h3 dxc4 16. bxc4 Qa5 17. Bc1 Rad8 18.
Qc2 Nc5 {1/2-1/2 Panno,O-Cubas,J/Santiago CHI 2004/The Week in Chess 489 (18)})
11. Ba3 $5 Qc7 (11... Ng4 12. Qd2 Qb6 13. d4 $36) 12. Qd2 Rfe8 {[/\13...d5]}
13. Rac1 Rad8 14. Kh1 $5 (14. Nd5 Qb8 15. Nxf6+ Nxf6 $11) 14... Bf7 15. e4 (15.
h3 $5) 15... fxe4 16. Nxe4 Nxe4 17. dxe4 Nf6 $1 18. Nc3 (18. f5 gxf5 19. exf5
d5 $36) (18. Bb2 exf4 19. Rxf4 Nd7 20. Bxg7 Kxg7 21. Rcf1 Ne5 $15) (18. Rcd1 $5
d5 $5 19. exd5 cxd5 20. fxe5 Qxe5 21. Nf4 Ne4 22. Qd3 $1 $14) 18... Qa5 (18...
exf4 $5 19. Qxf4 (19. gxf4 Qa5 20. Bxd6 Nxe4 21. Bxe4 Bxc3 22. Rxc3 Rxe4 $15)
19... Nh5 20. Qe3 Be5 $132) 19. Bxd6 $1 (19. Bb2 exf4 $15) 19... exf4 (19...
Re6 20. fxe5 Rxe5 21. c5 Qxc5 (21... Rxc5 22. b4 $1 Qxb4 23. Bxc5) 22. Rcd1 $1
Rxd6 (22... Qa5 23. Qf4 $1 $18) 23. Qxd6 Qxc3 24. Rxf6 $16) 20. Qxf4 g5 21. Qd2
Re6 22. Rf5 (22. c5 $5 Qxc5 23. Bxc5 Rxd2 24. Be3 (24. Bxa7 Ng4 $36) 24... Rd3
25. Bxg5 Rxc3 26. Rxc3 Nxe4 27. Bxe4 Rxe4 $5 (27... Bxc3 28. Bxh7+ $16) 28. Bf6
Bd5 29. Kg1 Re2 $11) (22. Rf5 {[#]Diagram}) 22... Rdxd6 $1 (22... Rexd6 23.
Qxd6 $18) 23. Qxd6 $1 (23. Qxg5 Qd8 24. e5 h6 25. Qf4 Rd4 26. Qf1 Bg6 $17)
23... Qxc3 24. Qb8+ $1 Re8 25. Rxc3 (25. Qxe8+ Nxe8 26. Rxc3 Bxc3 27. Rxg5+ Bg6
$15) 25... Rxb8 26. Rcf3 $1 Bg6 27. Rxf6 Bxe4 $6 (27... Bxf6 28. Rxf6 Rd8 29.
Kg1 Rd1+ 30. Rf1 Rd2 31. a3 Rd3 $11) 28. Rd6 Bxf3 29. Bxf3 Kf7 $6 $138 (29...
Rf8 $142 30. Bg4 Rf2 31. Rd7 Bc3 (31... Rxa2 32. Be6+ $18) 32. Be6+ $16) 30.
Rd7+ Kf6 31. Bh5 $1 $16 Bf8 32. Rf7+ (32. Rxh7 Bg7 $11) 32... Ke5 33. Rxh7 a5 (
33... Kd4 {[/\Kd4-b2<=>]}) 34. Kg2 b5 35. Be2 $1 a4 36. Rc7 Kd6 37. Ra7 axb3
38. axb3 bxc4 39. Bxc4 $16 Ke5 40. Ra5+ Kf6 $2 (40... c5 41. Kf3 Kf5 42. h3 $16
) 41. Ra6 $18 Ke5 42. Rxc6 Rd8 43. Kf3 Rd4 44. h3 Bd6 45. b4 Rd2 46. b5 Kf6 47.
Ke3 $1 Rd1 48. Bb3 1-0

[Event "Olympiad-31"]
[Site "Moscow"]
[Date "1994.12.06"]
[Round "6.1"]
[White "Azmaiparashvili, Zurab"]
[Black "Shirov, Alexei"]
[Result "0-1"]
[WhiteElo "2625"]
[BlackElo "2740"]
[Annotator "Hansen,Cu"]
[PlyCount "80"]
[EventDate "1994.12.01"]
[EventType "team-swiss"]
[EventRounds "14"]
[EventCountry "RUS"]
[SourceTitle "CBM 045"]
[Source "ChessBase"]
[SourceDate "1995.04.01"]
[SourceVersion "1"]
[SourceVersionDate "1995.04.01"]
[SourceQuality "1"]
[WhiteTeam "Georgia"]
[BlackTeam "Latvia"]
[WhiteTeamCountry "GEO"]
[BlackTeamCountry "LAT"]

1. c4 {Dolmatov} e5 2. Nc3 Bb4 3. Nd5 Be7 4. e3 (4. Qc2 c6 5. Nxe7 Qxe7 6. g3
Nf6 7. Bg2 O-O 8. d3 $10 {Ljubojevic,L-Kortschnoj,V/Monaca Amber blind/1994/})
(4. g3 Nf6 5. Bg2 Nxd5 6. cxd5 c5 7. dxc6 Nxc6 8. e4 O-O 9. Ne2 Bc5 10. O-O d6
11. d3 f5 $15 {Jones,C-Gulko,B/Las Vegas op/1993/}) (4. Nf3 Nc6 (4... d6 5. g3
(5. d4 e4 6. Nd2 (6. Ng1 f5 {/\ Nf6}) 6... f5 7. e3 Nf6 8. Nxe7 Qxe7 {/\ c5} 9.
d5 O-O {/\ f4} 10. Be2 Nbd7 11. O-O Ne5 12. Nb3 Bd7 13. Nd4 Nfg4 $5 (13... c5
14. dxc6 bxc6 15. b3 $1 {/\ 16.c5! dc5 17.Ba3!} c5 16. Nb5 Nf7 $13) 14. h3 Rf6
$1 $13 {Seirawan,Y-Shirov,A/Biel izt/1993/}) 5... c6 6. Nxe7 Nxe7 7. d3 O-O 8.
Bg2 f5 9. Qc2 Ng6 10. h4 $1 f4 11. h5 Ne7 12. gxf4 exf4 13. h6 $1 $16 {
Miralles,G-Fayard,A FRA-ch 1991 CBM/27}) 5. d4 e4 $5 {N} (5... d6 6. e3 Nf6 7.
Be2 O-O 8. O-O a5 $10) 6. Nd2 f5 7. e3 Nf6 8. Nxe7 Qxe7 9. Be2 d6 (9... O-O 10.
O-O d6) 10. b4 $5 O-O 11. b5 Nd8 12. a4 Ne6 {/\ f4} 13. Nb3 Ng4 $1 $132 {
Lautier,J-Gavrikov,V/Biel/1991/}) (4. d3 Nf6 5. g3 Nxd5 6. cxd5 c6 $1 7. dxc6
Nxc6 8. Nf3 O-O {/\ d5}) (4. d4 $5 e4 (4... d6 5. e4 $5 Nf6 (5... c6 6. Nxe7
Qxe7 7. Ne2 f5 8. dxe5 Qxe5 9. exf5 Nf6 10. Qd4 Bxf5 11. Bf4 Qa5+ 12. Qc3 Qxc3+
13. Nxc3 O-O 14. O-O-O $14 {Kasparov,G-Shirov,A/Novgorod/1994/} (14. Bxd6 $2
Re8+ 15. Be2 Bd3 $132)) 6. Nxe7 Qxe7 7. f3 $1 Nh5 $5 (7... exd4 8. Qxd4 c5 (
8... Nc6 9. Qc3 O-O 10. Ne2 Nh5 11. g4 Qh4+ 12. Kd1 Nf6 13. Ng3 Be6 14. Be3 Nd7
15. Be2 a5 $17 {Lalic,B-Shirov,A/Moscow olm/1994/}) 9. Qd2 Be6 10. Bd3 Nc6 11.
Ne2 $14 {Karpov,An-Illescas Cordoba,M/Dos Hermanas/1994/CBM41/}) 8. Be3 $1 O-O
(8... f5 9. exf5 exd4 10. Qxd4 Nc6 11. Qd2 Bxf5 $140 12. g4) 9. Ne2 $6 (9. d5
f5 10. exf5 Nf4 11. g4 b5 12. cxb5 Bb7 13. Bc4 Ng2+ 14. Kf2 Nxe3 15. Kxe3 $16)
(9. d5 $5 {Ribli}) 9... f5 10. exf5 (10. dxe5 dxe5 11. Nc3 c6 12. exf5 Bxf5 13.
g4 $6 Bxg4 14. fxg4 Qh4+ 15. Kd2 Rd8+ 16. Bd3 Na6 $1 $40) 10... exd4 $1 11.
Qxd4 (11. Bxd4 Bxf5 12. g4 Bxg4 $1 13. fxg4 Qe4 14. Rg1 Nf4 15. Rg3 Nc6 $40)
11... Nc6 12. Qd2 Bxf5 13. O-O-O (13. g4 {Ribli} Ne5 $1 $17) 13... Rae8 {
Lautier,J-Shirov,A/Las Palmas/1994/} 14. Bf2 Bg6 15. Nc3 Qf7 $10) 5. Bf4 d6 6.
e3 Nf6 7. Qc2 Nbd7 8. Nc3 c6 9. a3 (9. Nxe4 Nxe4 10. Qxe4 Qa5+ 11. Ke2 Nf6 $44)
9... Qb6 10. Nge2 O-O 11. Ng3 d5 12. Nf5 $16 {Azmajparaschvili,Z-Schmittdiel,E/
Dortmund A/1992/}) 4... d6 (4... Nf6 5. Nxe7 Qxe7 6. Ne2 (6. Nf3 $5) 6... O-O
7. Nc3 c6 8. d4 d6 $6 (8... d5 $1 9. cxd5 cxd5 10. dxe5 Qxe5 11. Be2 Nc6 12.
O-O d4 $10 {Psakhis,L}) 9. Be2 Bf5 (9... e4 $5) 10. O-O Nbd7 11. g4 $1 exd4 (
11... Be6 $2 12. d5 $18) 12. exd4 Bg6 (12... Be6 13. f4 Nb6 14. b3 Rae8 15. f5
Bc8 16. Bf4 $16) 13. f4 Be4 $8 14. g5 Ne8 15. Nxe4 Qxe4 16. Re1 (16. f5 $5 Qe7
17. Bf4 $16) 16... Qe7 17. Bd3 $16 {= Psakhis,L-Afek,Y/Hertzliya 59/(22) 1993})
5. Ne2 {/\6.d4 exd4 7.Nxd4, /\g2-g3} f5 6. g3 Nf6 7. Bg2 (7. Nxe7 Qxe7 8. Bg2
O-O $10) 7... c6 8. Nxe7 (8. Nxf6+ Bxf6 9. d4 O-O $13) 8... Qxe7 9. b3 {
/\Bb2,0-0,f2-f4 /^a1-h8} (9. d3 $5 {Dolmatov} O-O 10. O-O Be6 11. b4 a5 12.
bxa5 Rxa5 13. Bd2 $10) 9... O-O 10. Bb2 Be6 11. O-O Nbd7 12. d3 $14 Bf7 13. Qd2
{/\Rae1,f2-f4} Bh5 14. Rae1 Rad8 15. Nc3 {/\f2-f4,e3-e4} (15. f4 $5 {Dolmatov}
e4 16. Nd4 g6 $5 $132) (15. e4 {Dolmatov} fxe4 16. dxe4 Nc5 17. Nc3 Ne6 $132)
15... e4 $5 {><f3, /\Nd7-e5-f3} 16. f3 exd3 (16... exf3 17. Bxf3 Bxf3 18. Rxf3
g6 (18... Ng4 {Dolmatov} 19. e4 fxe4 20. Rxf8+ Rxf8 21. Nxe4 Nde5 $132) 19. e4
$14) 17. Qxd3 Bg6 18. Qd4 (18. Ne2 $5 {/\Nf4} f4 19. e4 Ne5 20. Qc3 fxg3 21.
hxg3 $14) 18... Nc5 19. Rd1 {קd6} (19. Ne2 {Dolmatov} Ne6 20. Qc3 d5 21. Nf4
Nxf4 22. gxf4) 19... Rfe8 {קe3} 20. Rfe1 h6 21. Ba3 (21. Kf2 $5 {/\Nc3-e2-f4})
21... b6 22. Bb2 {קc6} Kh7 23. Qh4 (23. Kf2 $5 {/\Nc3-e2-f4}) (23. Bh3 {
Dolmatov} Ne6 24. Qd2 Ng5 $10) 23... a5 {/\a5-a4<=>} 24. Kf1 {/\25.Nc3-e2-f4}
Qf7 25. Bc1 $2 f4 $1 {><d3} 26. gxf4 (26. Qxf4 $2 Nd3 $17) (26. exf4 Bc2 $36 (
26... Bc2 {Dolmatov} 27. Rxe8 Rxe8 28. Rxd6 Qe7)) 26... Nd3 27. e4 (27. Re2
Nxc1 28. Rxc1 Bd3 $17) 27... Nxe1 28. Rxe1 $44 Qe7 29. f5 Bf7 {ץg2} 30. f4 {
/\e4-e5} (30. Bb2 $5 $44 {Dolmatov}) 30... d5 $1 31. e5 Qb4 $1 32. cxd5 $6 (32.
Bd2 $2 dxc4 $17) (32. Qh3 dxc4 33. exf6 Rxe1+ 34. Kxe1 Rd3 $19) (32. Nb1 $5 {
/\Ba3 +-} dxc4 33. Ba3 Qb5 34. Nc3 Qa6 35. exf6 (35. Bxc6 cxb3+ 36. Bb5 Qc8 $17
) 35... cxb3+ 36. Kg1 bxa2 $17) (32. Bb2 {Dolmatov} dxc4 (32... d4 $6 33. Nd1 (
33. exf6 $6 dxc3 34. Qg3 Rxe1+)) 33. exf6 Rxe1+ 34. Qxe1 cxb3 35. Qg3 gxf6 $17)
32... Qxc3 33. d6 Bd5 {עf1} 34. Bxd5 Qd3+ 35. Kg1 cxd5 (35... Nxd5 $5 36. Qh5
Qd4+ 37. Kh1 Nxf4 $19) 36. Bb2 (36. exf6 {Dolmatov} gxf6 $19) 36... Qxf5 37.
exf6 gxf6 {/\Rg8+} 38. Qf2 Rxe1+ 39. Qxe1 Rg8+ 40. Kh1 Qd3 {/\Qf3+} 0-1

[Event "Ehrat Memorial (SUI-GER m)"]
[Site "Zuerich"]
[Date "1999.08.20"]
[Round "7"]
[White "Zueger, Beat"]
[Black "Lutz, Christopher"]
[Result "0-1"]
[WhiteElo "2434"]
[BlackElo "2591"]
[Annotator "Hecht,H"]
[PlyCount "98"]
[EventDate "1999.08.13"]
[EventType "schev"]
[EventRounds "10"]
[EventCountry "SUI"]
[SourceTitle "CBM 073"]
[Source "ChessBase"]
[SourceDate "1999.12.01"]
[SourceVersion "1"]
[SourceVersionDate "1999.12.01"]
[SourceQuality "1"]
[WhiteTeam "Switzerland"]
[BlackTeam "Germany"]
[WhiteTeamCountry "SUI"]
[BlackTeamCountry "GER"]

1. c4 f5 2. g3 Nf6 3. Bg2 g6 4. Nc3 d6 5. e3 Bg7 6. Nge2 O-O 7. d3 e5 8. Rb1 a5
9. O-O c6 10. a3 Be6 11. b4 axb4 12. axb4 d5 13. cxd5 cxd5 14. Bb2 Bf7 15. Ra1
Nbd7 16. Rxa8 Qxa8 17. Qa1 Rc8 18. Qxa8 Rxa8 19. Rb1 Ra6 20. h3 Bf8 21. b5 Ra8
22. g4 fxg4 23. hxg4 h6 24. f4 exf4 25. Nxf4 Nb6 26. Na4 Rxa4 27. Bxf6 g5 28.
Ne2 Ra3 29. Bd4 Na4 30. b6 Rxd3 31. Rb5 Bg7 32. Bxd5 Bxd5 33. Rxd5 Bxd4 34.
exd4 Nxb6 35. Rd6 Nc4 36. Rxh6 Kg7 37. Re6 Re3 38. Rxe3 Nxe3 {[%csl Rg4] [#]
Nach dem Fall des Bg4 kommt der schwarze Springer auf das ideale Feld f6, von
wo aus er den weißen König zusammen mit dem Bg5 sperrt und zugleich den
d-Bauern bewacht. Mit dem weit entfernten b-Bauern kooperiert dann der
schwarze König gewinnbringend. Wie man sieht, muss er dabei Vorsicht walten
lassen und ebenfalls den d-Bauern im Auge behalten.} 39. Nc3 Nxg4 40. Kg2 Nf6
41. Kf3 Kf7 42. Nb5 Ke6 43. Nc3 Kd6 44. Kg3 Kc6 45. Kf3 b5 46. d5+ Kb6 $1 {
Bleibt mit Quadrat des d-Bauern!} (46... Kc5 $2 47. d6 b4 48. Ne4+ $1 $11) 47.
Na2 (47. d6 b4 48. d7 Kc7 $1 $19 (48... Nxd7 $2 49. Nd5+ Kc5 50. Nxb4 Ne5+ 51.
Ke4 $11)) 47... Kc5 48. Nc3 g4+ (48... Kc4 49. Ne4 Nxe4 50. Kxe4 Kc5 51. Ke5 g4
52. d6 $11) 49. Kg3 Kc4 {[%csl Rd5]} 0-1

[Event "EU-ch 3rd"]
[Site "Batumi"]
[Date "2002.06.20"]
[Round "8"]
[White "Milov, Vadim"]
[Black "Supatashvili, Khvicha"]
[Result "1-0"]
[WhiteElo "2606"]
[BlackElo "2509"]
[Annotator "Hecht,H"]
[PlyCount "188"]
[EventDate "2002.06.12"]
[EventType "swiss"]
[EventRounds "13"]
[EventCountry "GEO"]
[SourceTitle "CBM 090"]
[Source "ChessBase"]
[SourceDate "2002.09.20"]
[SourceVersion "1"]
[SourceVersionDate "2002.09.20"]
[SourceQuality "1"]

1. c4 e5 2. Nc3 Bb4 3. Nf3 Bxc3 4. dxc3 Nc6 5. e4 d6 6. Bd3 Nge7 7. Nh4 O-O 8.
Qf3 Qe8 9. Be3 b6 10. Nf5 Nd8 11. h4 Ne6 12. Qg4 Kh8 13. O-O-O f6 14. g3 Qf7
15. h5 Nc5 16. Bc2 Be6 17. b3 a5 18. a4 h6 19. Qe2 Nxf5 20. exf5 Bd7 21. Rh4
Rae8 22. Qg4 e4 23. Bxc5 bxc5 24. Bxe4 Re5 25. Qf3 Rb8 26. Kc2 Qe8 27. Ra1 Rb6
28. Ra3 Bc6 29. Bxc6 Rxc6 30. Ra1 Rb6 31. Rb1 Rb8 32. Rhh1 Qe7 33. Rhd1 Re8 34.
Rd2 Re4 35. Rbd1 Qe5 36. Rd5 Qe7 37. R5d3 Kg8 38. R1d2 Kf8 39. Kb2 Qe5 40. Rd5
Qe7 41. Qd3 Qf7 42. Qf3 Qe7 43. Rc2 Rb8 44. Ka2 Re8 45. Rdd2 Qe5 46. Rd3 Qe7
47. g4 Qe5 48. Qd1 Qf4 49. Rg3 R8e5 50. Kb2 Qg5 51. Rg1 Qf4 52. Rd2 Re8 53. Kc2
R8e7 54. Rg3 Re1 55. Qf3 Qxf3 56. Rxf3 Rg1 57. Rf4 Ree1 58. Kd3 Rb1 59. Re4
Rgc1 60. Rde2 Rd1+ 61. Ke3 Re1 62. Rxe1 Rxe1+ 63. Kd3 Rxe4 64. Kxe4 {[#]
Themen: Temposchlucker, entfernter Freibauer, Blockade Der hintere weiße
f-Bauer dient als doppelte Temporeserve. Plan: Nach entsprechender
Vorbereitung b4 mit der Absicht b5. Danach Eindringen des weißen Königs nach
d5.} Ke7 65. Kd3 Kd7 66. Kc2 Kc6 (66... c6 67. Kb2 d5 68. cxd5 cxd5 69. b4 axb4
70. cxb4 c4 (70... cxb4 71. Kb3 $18 {der entfernte Freibauer}) 71. Kc3 Kc6 72.
Kd4 Kb6 73. b5 Ka5 74. Kc3 Kb6 75. Kb4 Kc7 76. a5 Kb7 77. a6+ {oder auch b6}
Kb6 78. f3 Ka7 $11 79. Ka5 $2 c3 $19) 67. b4 axb4 (67... Kb6 68. b5 c6 69. Kd3
Kc7 70. Ke4 Kb6 71. bxc6 Kxc6 72. f3 Kc7 73. Kd5 Kd7 74. f4 $22 {der oben
skizzierte Gewinnplan.}) 68. cxb4 cxb4 69. Kb3 Kb6 (69... Kc5 $1 70. a5 Kc6 71.
Kxb4 Kb7 72. Kb5 c6+ 73. Kb4 Ka6 $11) 70. Kxb4 c5+ $2 (70... c6 $2 71. c5+ $1
$18) (70... Ka6 $1 71. c5 $2 (71. a5 c6 $11) 71... d5 72. Ka3 Ka5 73. Kb3 c6
74. Ka3 d4 75. Kb3 d3 76. Kc3 Kxa4 77. Kxd3 Kb4 78. Kd4 Kb5 $19) 71. Kc3 Ka5
72. Kb3 Kb6 73. Kc2 Ka5 74. Kd3 Kxa4 75. Ke4 Kb4 76. Kd5 Kc3 77. f4 Kd3 78. g5
Kc3 79. g6 $5 (79. gxh6 gxh6 80. Kxd6 Kxc4 81. Ke6 Kd4 82. Kxf6 c4 83. Kg6 c3
84. f6 c2 85. f7 c1=Q 86. f8=Q $18) 79... Kd3 80. Ke6 ({oder} 80. Kxd6 Kxc4 81.
Ke6 Kd4 82. Kf7 c4 83. Kxg7 c3 84. Kxf6 c2 85. g7 c1=Q 86. g8=Q {und Weiß
sollte gewinnen}) 80... Kxc4 81. Kf7 Kd4 82. Kxg7 c4 83. Kxf6 c3 84. g7 c2 85.
g8=Q c1=Q 86. Qb8 (86. Kg6 {bzw. Kg7 sieht logischer aus.}) 86... Qc5 87. Qb1
Qc6 88. Qg1+ Kd3 89. Qe1 Qf3 90. Qb1+ Kc4 91. Qa2+ Kb5 92. Qe6 Qxf4 (92... Qxh5
$142) 93. Ke7 Qg5+ 94. f6 d5 (94... d5 95. Kd7 Qxh5 96. f7 Qf3 97. Qe8 $18) 1-0

[Event "Groningen"]
[Site "Groningen"]
[Date "1995.??.??"]
[Round "6"]
[White "Van Wely, Loek"]
[Black "Adams, Michael"]
[Result "1-0"]
[WhiteElo "2585"]
[BlackElo "2660"]
[Annotator "Hecht,H"]
[PlyCount "119"]
[EventDate "1995.12.??"]
[EventType "tourn"]
[EventRounds "11"]
[EventCountry "NED"]
[EventCategory "17"]
[SourceTitle "CBM 051"]
[Source "ChessBase"]
[SourceDate "1996.04.01"]
[SourceVersion "1"]
[SourceVersionDate "1996.04.01"]
[SourceQuality "1"]

1. d4 d6 2. c4 e5 3. Nf3 e4 4. Ng5 f5 5. Nc3 Be7 6. Nh3 c6 7. g3 Nf6 8. Bg2 O-O
9. O-O Na6 10. f3 exf3 11. exf3 d5 12. cxd5 Nxd5 13. Nf4 Nac7 14. Qb3 Bf6 15.
Rd1 Rf7 16. Nfxd5 Nxd5 17. Nxd5 Qxd5 18. Qxd5 cxd5 19. Bf4 Be6 20. Be5 Bd8 21.
Rac1 Bb6 22. f4 Rff8 23. Bc7 Rfc8 24. Bxb6 axb6 25. a3 Kf7 26. Bf1 Ke7 27. Rxc8
Rxc8 {TL-TL: schlechter schw L, schw B-Schwächen; ab Zug 49 Übergang in ein
gewonnenes T-Endspiel mit Mehrbauer} 28. Bd3 g6 29. Kf2 Kd6 30. h3 Bd7 31. Rg1
h5 32. Ke3 Re8+ 33. Kd2 Rh8 34. Be2 Rf8 35. Rc1 Rh8 36. Rc3 Bc6 37. Rb3 Kc7 38.
Bf3 Rf8 39. Re3 Kd6 40. Re5 Rf7 41. b3 b5 $6 (41... Rf8 42. a4 Rf7 43. Kc3 Rf8
44. b4 Bxa4 45. Rxd5+ Kc7 $16) 42. Kc3 Rf8 43. Kb4 Ra8 44. Be2 Bd7 45. Re3 Ra7
46. h4 Ra8 47. Bxb5 Bxb5 48. Kxb5 Rxa3 49. Kb6 Ra2 50. Rd3 Rb2 51. Kxb7 Rc2 52.
Kb6 Rc8 53. b4 Rb8+ 54. Ka5 Ra8+ 55. Kb5 Rb8+ 56. Ka4 Ra8+ 57. Kb3 Ra1 58. Rc3
Rd1 59. b5 Rxd4 60. b6 1-0

[Event "Linares Anibal op 08th"]
[Site "Linares"]
[Date "2001.01.10"]
[Round "3"]
[White "Adler, Viktor"]
[Black "Kacheishvili, Giorgi"]
[Result "0-1"]
[WhiteElo "2418"]
[BlackElo "2556"]
[Annotator "Hecht,H"]
[PlyCount "92"]
[EventDate "2001.01.08"]
[EventType "swiss"]
[EventRounds "11"]
[EventCountry "ESP"]
[SourceTitle "CBM 081"]
[Source "ChessBase"]
[SourceDate "2001.03.20"]
[SourceVersion "1"]
[SourceVersionDate "2001.03.20"]
[SourceQuality "1"]

1. c4 e5 2. Nc3 Bb4 3. g3 f5 4. Bg2 Nf6 5. Qc2 Bxc3 6. Qxc3 d6 7. d3 O-O 8. Bg5
Nbd7 9. e3 Qe8 10. Bxf6 Nxf6 11. Ne2 Qh5 12. h3 Re8 13. Qc2 c6 14. O-O-O Qf7
15. g4 fxg4 16. Ng3 d5 17. hxg4 Nxg4 18. Rdf1 Be6 19. Bh3 Qf3 20. d4 g6 21.
Bxg4 Bxg4 22. dxe5 Rxe5 23. Rh6 Re7 24. Rfh1 Rf8 25. R6h4 Bf5 26. Nxf5 Qxf5 27.
Qxf5 Rxf5 28. R1h2 Ref7 29. cxd5 cxd5 30. Rb4 Rxf2 31. Rxf2 Rxf2 32. Rxb7 h5
33. Kd1 h4 34. Ke1 Rf7 35. Rb4 g5 36. Rg4 Rf5 37. Ke2 Kf7 38. b4 Kg6 39. a4 Kh5
40. Rg1 h3 41. b5 g4 42. Rf1 Rxf1 43. Kxf1 {[#] schlechte weiße Königsposition}
g3 44. a5 Kg4 45. b6 Kf3 46. b7 (46. bxa7 g2+ 47. Kg1 Kg3 48. a8=Q h2# {
was nur von Belang wäre, gäbe es den schwarzen d-Bauern nicht. Ansonsten
genügt in jedem Falle h2.}) 46... h2 0-1